Desvíos: un recorrido crítico por la reciente narrativa latinoamericana

Salvato in:
Dettagli Bibliografici
Autore principale: Echevarría, Ignacio (Autore)
Natura: Libro
Lingua:spagnolo
Pubblicazione: Santiago Universidad Diego Portales 2007
Edizione:1a. ed
Serie:Colección Huellas
Soggetti:
Tags: Aggiungi Tag
Nessun Tag, puoi essere il primo ad aggiungerne!!

MARC

LEADER 00000cam a2200000 a 4500
001 UCE5715
003 CL-VaPUC
008 150305e20070000cl |||||||||||||||||spa|d
020 |a 9657397961 
082 0 4 |a H860.9  |b ECH  |2 21 
100 0 |a Echevarría, Ignacio  |e author  |9 578385 
245 1 0 |a Desvíos: un recorrido crítico por la reciente narrativa latinoamericana 
250 |a 1a. ed 
300 |a 250 p 
942 |c BK 
945 |d 20150305 12:52:00  |a dcastane 
260 |a Santiago  |b Universidad Diego Portales  |c 2007 
650 0 |a Literatura hispanoamericana  |9 269097 
650 0 |a Historia y crítica   |9 257407 
583 |a last modification  |c 20150305 12:52:00  |k Rodrigo Vera 
490 0 |a Colección Huellas 
999 |c 358343  |d 358341 
952 |0 0  |1 0  |3 erb  |4 0  |6 H_860_900000000000000_ECH_2007  |7 0  |8 A  |9 466981  |a BIBEDU  |b BIBEDU  |i 5138213  |o H860.9 ECH 2007  |p 5138213  |r 2019-11-23  |w 2019-11-23  |y BK  |z Catalogado en:20150305  |k LIT